[Event "EU-chT Seniors 65"]
[Site "Swidnica"]
[Date "2023.07.20"]
[Round "9.7"]
[White "Mortensen, Steen Juul"]
[Black "Roos, Jean Luc"]
[Result "0-1"]
[WhiteElo "1875"]
[BlackElo "2169"]
[PlyCount "122"]
[EventDate "2023.07.12"]
[EventType "team-swiss"]
[EventRounds "9"]
[EventCountry "POL"]
[SourceTitle "CBM 215 Extra"]
[Source "ChessBase"]
[SourceDate "2023.09.30"]
[SourceVersion "1"]
[SourceVersionDate "2023.09.30"]
[SourceQuality "1"]
[WhiteTeam "Denmark 65"]
[BlackTeam "Strasbourg 65"]
[WhiteTeamCountry "DEN"]
[BlackTeamCountry "FRA"]

1. d4 d5 2. c4 e6 3. Nf3 Nf6 4. g3 Be7 5. Bg2 Ne4 6. 0-0 f5 7. Qc2 c6 8. Nc3 Nd7 9. b3 Bf6 10. Bb2 0-0 11. Rad1 b6 12. Nxe4 fxe4 13. Ne5 Bb7 14. f4 exf3 15. exf3 c5 16. Nxd7 Qxd7 17. dxc5 Bxb2 18. Qxb2 bxc5 19. f4 d4 20. Bxb7 Qxb7 21. Rfe1 Qd7 22. Re5 Rf5 23. Qg2 Rd8 24. Qe4 Rxe5 25. Qxe5 Qc6 26. Qe2 Qd6 27. Qd3 e5 28. f5 Rf8 29. Re1 Qf6 30. Qe4 Qxf5 31. Qxe5 Qf2+ 32. Kh1 Qf3+ 33. Kg1 Qf2+ 34. Kh1 h6 35. Qe6+ Kh8 36. Qe2 Qf5 37. Rd1 a5 38. Kg2 Qd7 39. Qe4 Re8 40. Qf3 Qe7 41. Rf1 Rd8 42. Rf2 Qd6 43. Kf1 d3 44. Qd1 d2 45. Kg1 Qd4 46. Kg2 Qe4+ 47. Kg1 Kg8 48. Rf4 Qe1+ 49. Rf1 Qe3+ 50. Kg2 Qe4+ 51. Kg1 h5 52. Rf4 Qe1+ 53. Rf1 Qe3+ 54. Kg2 Qe4+ 55. Kg1 h4 56. Rf4 Qe1+ 57. Rf1 Qe3+ 58. Kg2 Qe4+ 59. Kg1 h3 60. Rf2 Rd6 61. Re2 Qxe2 0-1

[Event "EU-chT Seniors 65"]
[Site "Swidnica"]
[Date "2023.07.19"]
[Round "8.7"]
[White "Hammar, Bengt Erik"]
[Black "Mortensen, Steen Juul"]
[Result "1-0"]
[WhiteElo "2113"]
[BlackElo "1875"]
[PlyCount "75"]
[EventDate "2023.07.12"]
[EventType "team-swiss"]
[EventRounds "9"]
[EventCountry "POL"]
[SourceTitle "CBM 215 Extra"]
[Source "ChessBase"]
[SourceDate "2023.09.30"]
[SourceVersion "1"]
[SourceVersionDate "2023.09.30"]
[SourceQuality "1"]
[WhiteTeam "Sweden 65"]
[BlackTeam "Denmark 65"]
[WhiteTeamCountry "SWE"]
[BlackTeamCountry "DEN"]

1. e4 e5 2. Nf3 Nc6 3. Bb5 a6 4. Ba4 Nf6 5. 0-0 Be7 6. Re1 b5 7. Bb3 d6 8. c3 0-0 9. h3 Nb8 10. d4 Nbd7 11. Nbd2 Bb7 12. a4 c6 13. Bc2 Re8 14. b4 Bf8 15. Bb2 Qc7 16. Bd3 g6 17. Qb3 Nb6 18. a5 Na4 19. Ba3 Rac8 20. dxe5 dxe5 21. c4 Qd7 22. c5 Rcd8 23. Bc2 Bh6 24. Rad1 Qe7 25. Bc1 Bc8 26. Qa3 Qc7 27. Nf1 Bg7 28. Bg5 h6 29. Be3 Be6 30. Ng3 Bc4 31. Rxd8 Rxd8 32. Qc1 Nc3 33. Bxh6 Bxh6 34. Qxh6 Na2 35. Rb1 Nc3 36. Rb2 Qe7 37. Qg5 Re8 38. Nf5 1-0

[Event "DEN-ch Seniors 65"]
[Site "Aalborg"]
[Date "2022.02.23"]
[Round "4"]
[White "Mortensen, Steen Juul"]
[Black "Knudsen, Ole Bech"]
[Result "1/2-1/2"]
[WhiteElo "1888"]
[BlackElo "1939"]
[PlyCount "57"]
[EventDate "2022.02.20"]
[EventType "swiss"]
[EventRounds "7"]
[EventCountry "DEN"]
[SourceTitle "EXT 2024"]
[Source "ChessBase"]
[SourceDate "2023.10.10"]
[SourceVersion "1"]
[SourceVersionDate "2023.10.10"]
[SourceQuality "1"]

1. d4 d5 2. Nf3 Nf6 3. c4 e6 4. Nc3 c6 5. g3 Nbd7 6. Bg2 Bb4 7. Qb3 a5 8. 0-0 0-0 9. Rd1 b6 10. Bf4 dxc4 11. Qxc4 Ba6 12. Qb3 Bxc3 13. Qxc3 Bxe2 14. Re1 Bxf3 15. Bxf3 Rc8 16. Bd6 Nd5 17. Qb3 Re8 18. a4 N7f6 19. Be5 Nb4 20. Rad1 Nfd5 21. g4 Kh8 22. Bg3 Qd7 23. Be5 f6 24. Bg3 c5 25. Be2 Qf7 26. Bb5 Red8 27. dxc5 bxc5 28. Bc4 g5 29. Rd2 1/2-1/2

[Event "DEN-ch Seniors 65"]
[Site "Logumkloster"]
[Date "2020.02.12"]
[Round "4"]
[White "Semakoff, Aleks"]
[Black "Mortensen, Steen Juul"]
[Result "1/2-1/2"]
[WhiteElo "2006"]
[BlackElo "1927"]
[PlyCount "81"]
[EventDate "2020.02.09"]
[EventType "swiss"]
[EventRounds "7"]
[EventCountry "DEN"]
[SourceTitle "EXT 2021"]
[Source "ChessBase"]
[SourceDate "2020.10.23"]
[SourceVersion "1"]
[SourceVersionDate "2020.10.23"]
[SourceQuality "1"]

1. e4 e5 2. Nc3 Nf6 3. Bc4 Nxe4 4. Qh5 Nd6 5. Qxe5+ Qe7 6. Qxe7+ Bxe7 7. Bb3 c6 8. d4 0-0 9. Nf3 Ne8 10. d5 d6 11. 0-0 Nd7 12. Re1 Bf6 13. Ne4 Nb6 14. dxc6 bxc6 15. Nxf6+ Nxf6 16. Bg5 Bd7 17. Re7 Rae8 18. Rae1 d5 19. Bxf6 gxf6 20. c3 Rxe7 21. Rxe7 Re8 22. Rxe8+ Bxe8 23. Kf1 Bd7 24. Ke1 c5 25. Kd2 Bc6 26. Nh4 Bd7 27. g3 Kg7 28. Ng2 Be6 29. Nf4 Kf8 30. Bc2 Nc4+ 31. Kc1 h6 32. b4 cxb4 33. cxb4 Ke7 34. a4 Kd6 35. Nd3 Ne5 36. h4 d4 37. Nc5 Nc4 38. Ne4+ Ke7 39. a5 Ne5 40. Kd2 Nc6 41. b5 1/2-1/2

[Event "Wch Seniors 65 26th"]
[Site "Marianske Lazne"]
[Date "2016.11.26"]
[Round "7"]
[White "Mortensen, Steen Juul"]
[Black "Filzmaier, Bruno"]
[Result "0-1"]
[WhiteElo "1975"]
[BlackElo "1760"]
[PlyCount "42"]
[EventDate "2016.11.19"]
[EventType "swiss"]
[EventRounds "11"]
[EventCountry "CZE"]
[SourceTitle "CBM 175 Extra"]
[Source "ChessBase"]
[SourceDate "2016.12.12"]
[SourceVersion "1"]
[SourceVersionDate "2016.12.12"]
[SourceQuality "1"]

1. d4 e6 2. c4 d5 3. Nf3 Nf6 4. g3 b6 5. Bg2 Bb7 6. 0-0 Nbd7 7. b3 c5 8. cxd5 Bxd5 9. Nc3 Bb7 10. Bf4 a6 11. Rc1 cxd4 12. Nxd4 Bxg2 13. Kxg2 Rc8 14. Nf3 Ba3 15. Rc2 0-0 16. Nb1 Rxc2 17. Qxc2 Bc5 18. Qd3 Qa8 19. Nc3 e5 20. Bc1 e4 21. Nxe4 Qxe4 0-1

[Event "DEN-ch Seniors 65"]
[Site "Randers"]
[Date "2015.02.13"]
[Round "7"]
[White "Oe, Oluf"]
[Black "Mortensen, Steen Juul"]
[Result "1/2-1/2"]
[WhiteElo "1925"]
[BlackElo "2026"]
[PlyCount "22"]
[EventDate "2015.02.07"]
[EventType "swiss"]
[EventRounds "7"]
[EventCountry "DEN"]
[SourceTitle "EXT 2016"]
[Source "ChessBase"]
[SourceDate "2015.10.08"]
[SourceVersion "1"]
[SourceVersionDate "2015.10.08"]
[SourceQuality "1"]

1. e4 e5 2. Nf3 Nc6 3. Bb5 a6 4. Ba4 Nf6 5. 0-0 Be7 6. Re1 b5 7. Bb3 d6 8. c3 0-0 9. h3 Qd7 10. d4 Re8 11. d5 Na5 1/2-1/2

[Event "DEN-ch Seniors 65"]
[Site "Randers"]
[Date "2015.02.12"]
[Round "6"]
[White "Mortensen, Steen Juul"]
[Black "Nielsen, Carl Evald"]
[Result "1/2-1/2"]
[WhiteElo "2026"]
[BlackElo "1826"]
[PlyCount "29"]
[EventDate "2015.02.07"]
[EventType "swiss"]
[EventRounds "7"]
[EventCountry "DEN"]
[SourceTitle "EXT 2016"]
[Source "ChessBase"]
[SourceDate "2015.10.08"]
[SourceVersion "1"]
[SourceVersionDate "2015.10.08"]
[SourceQuality "1"]

1. d4 Nf6 2. c4 g6 3. Nc3 Bg7 4. e4 d6 5. Nf3 0-0 6. Be2 Nbd7 7. 0-0 e5 8. Re1 exd4 9. Nxd4 Nc5 10. f3 a5 11. Be3 Re8 12. Qd2 Nh5 13. g3 Ne6 14. Ndb5 Bd7 15. Rad1 1/2-1/2

[Event "WchT Seniors 65"]
[Site "Vilnius"]
[Date "2014.07.17"]
[Round "5.4"]
[White "Mortensen, Steen Juul"]
[Black "Van Dongen, Rob"]
[Result "1/2-1/2"]
[WhiteElo "1983"]
[BlackElo "1977"]
[PlyCount "43"]
[EventDate "2014.07.13"]
[EventType "team-swiss"]
[EventRounds "9"]
[EventCountry "LTU"]
[SourceTitle "CBM 161 Extra"]
[Source "ChessBase"]
[SourceDate "2014.08.29"]
[SourceVersion "1"]
[SourceVersionDate "2014.08.29"]
[SourceQuality "1"]
[WhiteTeam "Denmark"]
[BlackTeam "Netherlands"]
[WhiteTeamCountry "DEN"]
[BlackTeamCountry "NED"]

1. d4 d5 2. Nf3 Nf6 3. c4 e6 4. g3 c6 5. Bg2 g6 6. Nc3 Bg7 7. 0-0 0-0 8. Qd3 Nbd7 9. Rd1 Re8 10. e4 dxe4 11. Nxe4 Nxe4 12. Qxe4 Nb6 13. Qe2 Qe7 14. Re1 Qb4 15. b3 Qe7 16. Bg5 f6 17. Bf4 g5 18. Bd2 Qf7 19. Bc3 Bd7 20. Rad1 g4 21. Nh4 f5 22. f3 1/2-1/2

[Event "WchT Seniors 65"]
[Site "Vilnius"]
[Date "2014.07.15"]
[Round "3.1"]
[White "Scowen, Roger S"]
[Black "Mortensen, Steen Juul"]
[Result "1/2-1/2"]
[WhiteElo "1930"]
[BlackElo "1983"]
[PlyCount "37"]
[EventDate "2014.07.13"]
[EventType "team-swiss"]
[EventRounds "9"]
[EventCountry "LTU"]
[SourceTitle "CBM 161 Extra"]
[Source "ChessBase"]
[SourceDate "2014.08.29"]
[SourceVersion "1"]
[SourceVersionDate "2014.08.29"]
[SourceQuality "1"]
[WhiteTeam "England II"]
[BlackTeam "Denmark"]
[WhiteTeamCountry "ENG"]
[BlackTeamCountry "DEN"]

1. e4 e5 2. Nf3 Nc6 3. Bb5 a6 4. Bxc6 dxc6 5. d4 exd4 6. Qxd4 Qxd4 7. Nxd4 Bd7 8. Be3 0-0-0 9. f3 Re8 10. Kf2 b6 11. Nc3 g6 12. Nde2 c5 13. Nd5 Bg7 14. c3 Ne7 15. Nef4 Bc6 16. Rhd1 Rhf8 17. Rd2 Nxd5 18. exd5 Bd7 19. Re1 1/2-1/2